[Event "BOL-ch (Women)"]
[Site "La Paz"]
[Date "2020.01.18"]
[Round "1"]
[White "Ramirez, Maria Eugenia"]
[Black "Condori, Ana Paula"]
[Result "1/2-1/2"]
[WhiteElo "2079"]
[BlackElo "1778"]
[PlyCount "107"]
[EventDate "2020.01.18"]
[EventType "tourn"]
[EventRounds "7"]
[EventCountry "BOL"]
[SourceTitle "CBM 194 Extra"]
[Source "ChessBase"]
[SourceDate "2020.03.31"]
[SourceVersion "1"]
[SourceVersionDate "2020.03.31"]
[SourceQuality "1"]

1. e4 c5 2. c3 Nf6 3. e5 Nd5 4. g3 d6 5. exd6 e6 6. Bg2 Bxd6 7. Nf3 0-0 8. d4 Nc6 9. 0-0 cxd4 10. Nxd4 Nde7 11. Bg5 Nxd4 12. Qxd4 f6 13. Bc1 Qc7 14. Nd2 Bc5 15. Qc4 Rd8 16. b4 Bb6 17. Qb3 a5 18. bxa5 Bxa5 19. Nc4 Nd5 20. Nxa5 Rxa5 21. c4 Ne7 22. Be3 Ra6 23. Rab1 Rd7 24. Bb6 Qb8 25. Rfd1 Kh8 26. Qb5 Nc6 27. Qc5 Kg8 28. Rxd7 Bxd7 29. Rd1 Qe8 30. a3 g6 31. Bc7 Kf7 32. f4 Qe7 33. Bd6 Qd8 34. Qe3 Qc8 35. Qd3 Na5 36. Bb4 Ba4 37. Rc1 Nb3 38. Re1 Na5 39. c5 Bc6 40. Bh3 f5 41. Qd4 Nb3 42. Qe5 Bd5 43. Bf1 Ra8 44. Rc1 Nxc1 45. Bc3 Qxc5+ 46. Bd4 Qa5 47. Bc3 Qb6+ 48. Bd4 Qa5 49. Bc3 Qd8 50. Qg7+ Ke8 51. Bf6 Qb6+ 52. Bd4 Qa5 53. Bc3 Qc5+ 54. Bd4 1/2-1/2

[Event "South America-ch U16 Girls 16th"]
[Site "Buenos Aires"]
[Date "2019.12.06"]
[Round "9.1"]
[White "Condori, Ana Paula"]
[Black "Garcia Andrada, Heidy Nicole"]
[Result "0-1"]
[WhiteElo "1885"]
[BlackElo "1878"]
[PlyCount "168"]
[EventDate "2019.12.01"]
[EventType "swiss"]
[EventRounds "9"]
[EventCountry "ARG"]
[SourceTitle "EXT 2024"]
[Source "ChessBase"]
[SourceDate "2023.10.10"]
[SourceVersion "1"]
[SourceVersionDate "2023.10.10"]
[SourceQuality "1"]

1. e4 c5 2. Nf3 e6 3. d4 cxd4 4. Nxd4 a6 5. c4 Nf6 6. Bd3 Qc7 7. Qe2 d6 8. 0-0 b6 9. Nc3 Nbd7 10. b3 Be7 11. Bb2 0-0 12. Rac1 Bb7 13. f3 Rac8 14. Nc2 Qb8 15. Ne3 Rfe8 16. Qd2 Bd8 17. Rfd1 Bc7 18. g3 h6 19. Bf1 Ne5 20. Bg2 Bc6 21. Ne2 Qa8 22. Nd4 Bb7 23. Qe2 Ned7 24. Qf2 g6 25. Bh3 Rcd8 26. b4 Bb8 27. Nb3 a5 28. a3 axb4 29. axb4 Qa4 30. Qc2 Qc6 31. Nd4 Qc8 32. Nb5 Qc6 33. Qd2 e5 34. Nd5 Ba6 35. Na3 Nxd5 36. exd5 Qa4 37. b5 Bc8 38. Qc3 Nc5 39. Bf1 Qb3 40. Qxb3 Nxb3 41. Rc3 Nc5 42. Re3 f5 43. Rde1 Kf7 44. Nc2 f4 45. gxf4 exf4 46. Rxe8 Rxe8 47. Rxe8 Kxe8 48. Bg7 h5 49. Bh6 Bf5 50. Nb4 Nb3 51. Na6 Ba7 52. Bxf4 Kd7 53. Nb4 Bb8 54. Be3 Bc7 55. Kf2 Na1 56. Kg3 Nc2 57. Nxc2 Bxc2 58. Bg5 Bd8 59. Bxd8 Kxd8 60. Kf4 Ke7 61. Ke3 Kf6 62. Bd3 Bd1 63. Be4 g5 64. h3 Ke5 65. h4 gxh4 66. f4+ Kf6 67. Bf3 Bb3 68. Be2 h3 69. Kf2 h2 70. Kg2 Kf5 71. Kxh2 Kxf4 72. c5 bxc5 73. b6 Bxd5 74. Bxh5 Bb7 75. Kg1 Ke3 76. Kf1 Kd2 77. Kf2 c4 78. Kg3 c3 79. Bg6 c2 80. Bxc2 Kxc2 81. Kf4 Kc3 82. Ke3 d5 83. Ke2 d4 84. Kd1 d3 0-1

[Event "South America-ch U16 Girls 16th"]
[Site "Buenos Aires"]
[Date "2019.12.04"]
[Round "6.4"]
[White "Ayala Rosero, Ariana Marcela"]
[Black "Condori, Ana Paula"]
[Result "0-1"]
[WhiteElo "1515"]
[BlackElo "1885"]
[PlyCount "100"]
[EventDate "2019.12.01"]
[EventType "swiss"]
[EventRounds "9"]
[EventCountry "ARG"]
[SourceTitle "EXT 2024"]
[Source "ChessBase"]
[SourceDate "2023.10.10"]
[SourceVersion "1"]
[SourceVersionDate "2023.10.10"]
[SourceQuality "1"]

1. d4 Nf6 2. c4 g6 3. Nc3 Bg7 4. e4 d6 5. Nf3 0-0 6. Be2 Nbd7 7. Be3 e5 8. d5 Nh5 9. g3 a5 10. Nd2 Nhf6 11. a3 Ne8 12. b4 b6 13. 0-0 f5 14. exf5 gxf5 15. f3 Qf6 16. Rc1 Kh8 17. f4 Bb7 18. fxe5 Qxe5 19. Bf4 Qd4+ 20. Kh1 Ba6 21. Qa4 Nb8 22. Nf3 Qf6 23. bxa5 Bb7 24. Ng5 Rxa5 25. Qb3 Nd7 26. Na4 h6 27. Ne6 Qxe6 28. Bh5 Ndf6 29. Bf3 Qf7 30. Nc3 Nd7 31. Nb5 Ne5 32. Bg2 Qh5 33. Rce1 Ra8 34. Nxc7 Nxc7 35. Qxb6 Ne6 36. dxe6 Bxg2+ 37. Kxg2 Rxa3 38. Bxe5 Bxe5 39. Rf2 Qe8 40. Qb4 Qa8+ 41. Kh3 Ra4 42. Qd2 f4 43. Qd3 Qe8 44. Qd5 fxg3 45. Rf7 Rxf7 46. exf7 Qc8+ 47. Kh4 Rxc4+ 48. Re4 Rxe4+ 49. Qxe4 Qd8+ 50. Kh3 Qd7+ 0-1

[Event "South America-ch U16 Girls 16th"]
[Site "Buenos Aires"]
[Date "2019.12.02"]
[Round "2.1"]
[White "Godoy, Abril Leonela"]
[Black "Condori, Ana Paula"]
[Result "1-0"]
[WhiteElo "1639"]
[BlackElo "1885"]
[PlyCount "143"]
[EventDate "2019.12.01"]
[EventType "swiss"]
[EventRounds "9"]
[EventCountry "ARG"]
[SourceTitle "EXT 2024"]
[Source "ChessBase"]
[SourceDate "2023.10.10"]
[SourceVersion "1"]
[SourceVersionDate "2023.10.10"]
[SourceQuality "1"]

1. d4 Nf6 2. c4 g6 3. Nc3 Bg7 4. e4 d6 5. Be2 0-0 6. Nf3 Nbd7 7. 0-0 e5 8. d5 h6 9. Rb1 Nh7 10. b4 f5 11. Nd2 f4 12. Ba3 a5 13. Nb3 axb4 14. Bxb4 b6 15. a4 Nc5 16. Bxc5 bxc5 17. a5 Nf6 18. f3 h5 19. Rf2 h4 20. h3 Nh5 21. Bf1 Qg5 22. Kh1 Ng3+ 23. Kh2 Nxf1+ 24. Qxf1 Qe7 25. Ra2 Ba6 26. Nb5 Rfb8 27. Nd2 Rb7 28. Rab2 Rab8 29. Qd3 Qd7 30. Rb3 Bf6 31. Na7 Qa4 32. Nc6 Rxb3 33. Rxb3 Rxb3 34. Qxb3 Qxb3 35. Nxb3 Bxc4 36. Nd2 Ba6 37. Nb8 Bb7 38. Nc4 Kf7 39. a6 Ba8 40. Kg1 Ke7 41. Na5 Kd8 42. Kf2 c6 43. Nbxc6+ Kc7 44. Ke2 Kb6 45. a7 Kb5 46. Kd3 Bg5 47. Nc4 Ka6 48. Nxd6 Bf6 49. Kc4 Kb6 50. Nb5 g5 51. Nb8 Bg7 52. d6 Bh8 53. Nd7+ Kc6 54. Nxc5 Bf6 55. Na6 Bd8 56. Nac7 Bxc7 57. Nxc7 Bb7 58. a8Q Bxa8 59. Nxa8 Kxd6 60. Nb6 Ke6 61. Nd5 Kf7 62. Kc5 Ke6 63. Kc6 Kf7 64. Kd7 Kg6 65. Ke6 g4 66. hxg4 Kg5 67. Kxe5 h3 68. gxh3 Kh4 69. Kxf4 Kxh3 70. g5 Kg2 71. g6 Kf2 72. g7 1-0

[Event "Pan American-ch U20 Girls"]
[Site "Cochabamba"]
[Date "2019.08.04"]
[Round "6"]
[White "Condori, Ana Paula"]
[Black "Hilario Huaranca, Aleyla Karen"]
[Result "0-1"]
[WhiteElo "1751"]
[BlackElo "1841"]
[PlyCount "112"]
[EventDate "2019.08.01"]
[EventType "swiss"]
[EventRounds "9"]
[EventCountry "BOL"]
[SourceTitle "EXT 2021"]
[Source "ChessBase"]
[SourceDate "2020.10.23"]
[SourceVersion "1"]
[SourceVersionDate "2020.10.23"]
[SourceQuality "1"]

1. e4 e6 2. d4 d5 3. Nc3 Nf6 4. e5 Nfd7 5. f4 c5 6. Nf3 Nc6 7. Be3 a6 8. Qd2 Be7 9. Be2 0-0 10. 0-0 b5 11. a4 b4 12. Nd1 cxd4 13. Nxd4 Nxd4 14. Bxd4 a5 15. Rf3 f5 16. Rh3 Nc5 17. Qe3 Ne4 18. Nf2 Qc7 19. Nxe4 dxe4 20. g4 Ba6 21. Bxa6 Rxa6 22. g5 Rd8 23. c3 Rc6 24. Qe2 Bc5 25. Bxc5 Rxc5 26. Rc1 g6 27. Re3 Qc6 28. Qf2 Rcd5 29. Rc2 b3 30. Rc1 Qxa4 31. c4 Rd3 32. Rxd3 exd3 33. Qb6 Qd7 34. Rd1 Kf7 35. Qxb3 Qd4+ 36. Kh1 Qe4+ 37. Kg1 Qe3+ 38. Kg2 Qe2+ 39. Kg1 Qg4+ 40. Kh1 Qxf4 41. Qb7+ Kg8 42. c5 d2 43. Qb3 Qxe5 44. Qc4 Rd4 45. Qf1 Qxc5 46. Qe2 Qd5+ 47. Qg2 e5 48. Qxd5+ Rxd5 49. Kg2 e4 50. Kg3 e3 51. Kf3 f4 52. h4 Rc5 53. Ke2 Rc1 54. b3 Rxd1 55. Kxd1 f3 56. h5 f2 0-1

[Event "Pan American-ch U20 Girls"]
[Site "Cochabamba"]
[Date "2019.08.02"]
[Round "2"]
[White "Salazar Gould, Melannie"]
[Black "Condori, Ana Paula"]
[Result "1/2-1/2"]
[WhiteElo "1919"]
[BlackElo "1751"]
[PlyCount "80"]
[EventDate "2019.08.01"]
[EventType "swiss"]
[EventRounds "9"]
[EventCountry "BOL"]
[SourceTitle "EXT 2020"]
[Source "ChessBase"]
[SourceDate "2019.10.17"]
[SourceVersion "1"]
[SourceVersionDate "2019.10.17"]
[SourceQuality "1"]

1. e4 c5 2. Nc3 e6 3. Nf3 a6 4. d4 cxd4 5. Nxd4 Qc7 6. g3 Bb4 7. Bd2 Nf6 8. Bg2 Nc6 9. Nb3 Be7 10. 0-0 b5 11. a3 Bb7 12. Bf4 d6 13. Qe2 0-0 14. g4 Nd7 15. Rad1 Nde5 16. Bc1 Nc4 17. Rd3 Qb6 18. Rh3 f6 19. Kh1 a5 20. f4 Ba6 21. Qf3 b4 22. Ne2 a4 23. Na1 bxa3 24. bxa3 Nd4 25. Nxd4 Qxd4 26. c3 Qb6 27. Rg1 Qb1 28. Be3 Qd3 29. Qf2 Nxe3 30. Rxe3 Qb5 31. Rh3 h6 32. Qg3 e5 33. Nc2 exf4 34. Qxf4 Qe5 35. Qe3 Rfc8 36. Nd4 Qc5 37. Qf4 Qe5 38. Qe3 Qc5 39. Qf4 Qe5 40. Qe3 Qc5 1/2-1/2

[Event "La Paz Clasification op 1st"]
[Site "La Paz"]
[Date "2018.02.04"]
[Round "8"]
[White "Huanca, Edson"]
[Black "Condori, Ana Paula"]
[Result "1-0"]
[WhiteElo "1974"]
[BlackElo "1670"]
[PlyCount "119"]
[EventDate "2018.02.01"]
[EventType "swiss"]
[EventRounds "8"]
[EventCountry "BOL"]
[SourceTitle "CBM 182 Extra"]
[Source "ChessBase"]
[SourceDate "2018.02.23"]
[SourceVersion "1"]
[SourceVersionDate "2018.02.23"]
[SourceQuality "1"]

1. e4 c5 2. Ne2 e6 3. Nbc3 a6 4. g3 Nc6 5. Bg2 Nf6 6. 0-0 Be7 7. h3 d5 8. d3 0-0 9. f4 dxe4 10. Nxe4 Nxe4 11. dxe4 Qxd1 12. Rxd1 Rd8 13. Be3 Bd7 14. g4 Rab8 15. Kh2 f6 16. Kg3 Nb4 17. Rdc1 Bd6 18. h4 e5 19. f5 Kf7 20. Kf3 Nc6 21. c3 Ne7 22. Rc2 Bc6 23. Rd1 b6 24. Rcd2 Bc7 25. Ng3 Rxd2 26. Rxd2 Rd8 27. Rxd8 Bxd8 28. Bf1 Bb5 29. Bxb5 axb5 30. b4 cxb4 31. cxb4 Nc6 32. a3 Nd4+ 33. Bxd4 exd4 34. Ne2 d3 35. Nc3 Bc7 36. Ke3 g6 37. Kxd3 Bg3 38. h5 gxh5 39. gxh5 Kg7 40. Nd5 Be5 41. Nxb6 Kh6 42. a4 bxa4 43. Nxa4 Kxh5 44. b5 Kg5 45. Nc5 h5 46. Nd7 Bd6 47. Ke3 h4 48. Kf3 h3 49. b6 h2 50. Kg2 Bf4 51. b7 Bc7 52. b8Q Bxb8 53. Nxb8 h1Q+ 54. Kxh1 Kf4 55. Nc6 Kxe4 56. Ne7 Kf4 57. Kh2 Ke4 58. Kg3 Ke3 59. Kg4 Ke4 60. Kh5 1-0

[Event "La Paz Clasification op 1st"]
[Site "La Paz"]
[Date "2018.02.02"]
[Round "4"]
[White "Parraga, Alejandro"]
[Black "Condori, Ana Paula"]
[Result "1-0"]
[WhiteElo "2106"]
[BlackElo "1670"]
[PlyCount "83"]
[EventDate "2018.02.01"]
[EventType "swiss"]
[EventRounds "8"]
[EventCountry "BOL"]
[SourceTitle "CBM 182 Extra"]
[Source "ChessBase"]
[SourceDate "2018.02.23"]
[SourceVersion "1"]
[SourceVersionDate "2018.02.23"]
[SourceQuality "1"]

1. d4 Nf6 2. c4 g6 3. Nc3 Bg7 4. e4 d6 5. Be2 0-0 6. Bg5 Nbd7 7. Qd2 e5 8. d5 a6 9. f3 Rb8 10. Nh3 Qe8 11. g4 Kh8 12. Nf2 Ng8 13. Nd3 Nb6 14. b3 f5 15. Be3 Nf6 16. h3 c5 17. dxc6 bxc6 18. Bxb6 Rxb6 19. Qe3 Rb8 20. Rd1 fxe4 21. fxe4 Qe7 22. Rf1 Bb7 23. g5 Nd7 24. Rxf8+ Nxf8 25. Bg4 Bc8 26. Bxc8 Rxc8 27. c5 Ne6 28. cxd6 Qxg5 29. Qxg5 Nxg5 30. d7 Rd8 31. Nc5 Nf3+ 32. Kf2 Nd4 33. N3a4 Bf8 34. Ke3 g5 35. Kd3 Kg8 36. Kc4 a5 37. Nb6 Be7 38. Nb7 Rf8 39. Nc8 Bd8 40. Nxd8 Rxd8 41. Kc5 Kf7 42. Rg1 1-0

[Event "South America School-ch 33rd"]
[Site "Cochabamba"]
[Date "2017.12.05"]
[Round "1.4"]
[White "Lugo, Tatiana"]
[Black "Condori, Ana Paula"]
[Result "0-1"]
[WhiteElo "1071"]
[BlackElo "1670"]
[PlyCount "88"]
[EventDate "2017.12.05"]
[EventType "team-tourn"]
[EventRounds "9"]
[EventCountry "BOL"]
[SourceTitle "CBM 182 Extra"]
[Source "ChessBase"]
[SourceDate "2018.02.23"]
[SourceVersion "1"]
[SourceVersionDate "2018.02.23"]
[SourceQuality "1"]
[WhiteTeam "Paraguay"]
[BlackTeam "Bolivia"]
[WhiteTeamCountry "PAR"]
[BlackTeamCountry "BOL"]

1. d4 Nf6 2. Bf4 d6 3. e3 g6 4. Nf3 Bg7 5. Nbd2 0-0 6. h3 Nbd7 7. c3 a6 8. Bd3 Re8 9. Qe2 h6 10. g4 e5 11. dxe5 dxe5 12. Bxh6 e4 13. Bxg7 Kxg7 14. g5 exd3 15. gxf6+ Nxf6 16. Qf1 c5 17. c4 b5 18. b3 Ne4 19. Rc1 Nxd2 20. Nxd2 b4 21. Qg2 Bf5 22. Qd5 Rc8 23. Qxd8 Rcxd8 24. Ra1 a5 25. a3 Ra8 26. Nf3 Be4 27. Kd2 Bxf3 28. Rhg1 Be4 29. a4 Re5 30. Rg3 Rf5 31. Rf1 Rf3 32. Rxf3 Bxf3 33. Rg1 Be4 34. Rg3 Rh8 35. f3 Bf5 36. e4 Rxh3 37. Rxh3 Bxh3 38. Kxd3 Kf6 39. f4 g5 40. fxg5+ Kxg5 41. Ke3 Bf1 42. e5 Kf5 43. Kd2 Kxe5 44. Ke3 f5 0-1

[Event "Pan American-ch U14 Girls"]
[Site "San Jose"]
[Date "2017.07.03"]
[Round "5"]
[White "Condori, Ana Paula"]
[Black "Zeng, Sheena"]
[Result "0-1"]
[WhiteElo "1703"]
[BlackElo "1599"]
[PlyCount "111"]
[EventDate "2017.07.01"]
[EventType "swiss"]
[EventRounds "9"]
[EventCountry "CRI"]
[SourceTitle "EXT 2022"]
[Source "ChessBase"]
[SourceDate "2021.10.06"]
[SourceVersion "1"]
[SourceVersionDate "2021.10.06"]
[SourceQuality "1"]

1. e4 c5 2. Nf3 Nc6 3. d4 cxd4 4. Nxd4 Nf6 5. Nc3 d6 6. Be3 g6 7. f3 Bg7 8. Qd2 0-0 9. Bc4 a6 10. a4 Qc7 11. Bb3 Bd7 12. 0-0 Na5 13. Rad1 Nxb3 14. Nxb3 b5 15. a5 Bc6 16. Bh6 Bb7 17. Bxg7 Kxg7 18. Nd5 Bxd5 19. exd5 Rac8 20. Rf2 Qc4 21. Qd4 Qxd4 22. Rxd4 Rc4 23. Rfd2 Rfc8 24. c3 Kf8 25. Kf2 Ke8 26. h4 Rxd4 27. Rxd4 Rc4 28. Ke3 Rxd4 29. Kxd4 Kd7 30. g4 h6 31. Nd2 e5+ 32. dxe6+ fxe6 33. g5 hxg5 34. hxg5 e5+ 35. Kd3 Nd5 36. c4 bxc4+ 37. Kxc4 Nf4 38. Kc3 d5 39. Nb3 Kc6 40. Kb4 Ne6 41. Nc1 Nxg5 42. f4 exf4 43. Kc3 Ne6 44. Kd3 Kb5 45. Ne2 g5 46. Nc3+ Kxa5 47. Nxd5 g4 48. Ke4 g3 49. Nc3 Kb4 50. Ne2 Kb3 51. Ng1 Kxb2 52. Ke5 a5 53. Kxe6 a4 54. Ke5 a3 55. Kxf4 a2 56. Kxg3 0-1

[Event "Pan American-ch U14 Girls"]
[Site "San Jose"]
[Date "2017.07.02"]
[Round "3"]
[White "Condori, Ana Paula"]
[Black "He, Emma"]
[Result "1/2-1/2"]
[WhiteElo "1703"]
[BlackElo "1558"]
[PlyCount "116"]
[EventDate "2017.07.01"]
[EventType "swiss"]
[EventRounds "9"]
[EventCountry "CRI"]
[SourceTitle "EXT 2022"]
[Source "ChessBase"]
[SourceDate "2021.10.06"]
[SourceVersion "1"]
[SourceVersionDate "2021.10.06"]
[SourceQuality "1"]

1. e4 e5 2. Nf3 Nc6 3. Bb5 a6 4. Ba4 Nf6 5. 0-0 Nxe4 6. Re1 Nc5 7. Bxc6 dxc6 8. Nxe5 Be6 9. d4 Nd7 10. c4 Nxe5 11. Rxe5 Bd6 12. Re1 0-0 13. c5 Be7 14. Nc3 Bf6 15. Be3 Bf5 16. Qf3 Qd7 17. Ne4 Bxe4 18. Qxe4 Rfe8 19. Qf3 Rad8 20. Red1 Qe6 21. h3 Qc4 22. b3 Qc3 23. Qe2 Qb4 24. Qd2 Qxd2 25. Rxd2 Rd5 26. Rad1 Red8 27. Kf1 Kf8 28. f4 Re8 29. Rd3 Rd7 30. Kf2 Rde7 31. Re1 Re4 32. g3 b6 33. d5 cxd5 34. Rxd5 c6 35. Rd7 b5 36. Rd6 a5 37. Kf3 Bd4 38. Bf2 Rxe1 39. Bxe1 Bxc5 40. Rxc6 Re3+ 41. Kg4 f5+ 42. Kh5 g6+ 43. Kh6 Be7 44. Bf2 Rf3 45. Bc5 Rxg3 46. Bxe7+ Kxe7 47. Kxh7 Kf7 48. Rc7+ Kf6 49. Rc6+ Kf7 50. Rc7+ Kf6 51. Kg8 Rxh3 52. Rc6+ Ke7 53. Kg7 Rf3 54. Kxg6 Rxf4 55. Rc5 a4 56. Rxf5 Rb4 57. bxa4 Rxa4 58. Rxb5 Rxa2 1/2-1/2

[Event "South-America-chT U14 22th"]
[Site "Medellin"]
[Date "2016.12.16"]
[Round "8.2"]
[White "Condori, Ana Paula"]
[Black "Cardozo, Camila"]
[Result "1-0"]
[WhiteElo "1726"]
[BlackElo "1487"]
[PlyCount "63"]
[EventDate "2016.12.12"]
[EventType "team-tourn"]
[EventRounds "9"]
[EventCountry "COL"]
[SourceTitle "EXT 2024"]
[Source "ChessBase"]
[SourceDate "2023.10.10"]
[SourceVersion "1"]
[SourceVersionDate "2023.10.10"]
[SourceQuality "1"]
[WhiteTeam "Bolivia"]
[BlackTeam "Uruguay"]
[WhiteTeamCountry "BOL"]
[BlackTeamCountry "URU"]

1. e4 e6 2. d4 d5 3. Nc3 Nf6 4. e5 Nfd7 5. f4 c5 6. Nf3 Nc6 7. Be3 cxd4 8. Nxd4 Bc5 9. Qd2 0-0 10. Bb5 Bxd4 11. Bxd4 Nxd4 12. Qxd4 Qb6 13. 0-0-0 Qxd4 14. Rxd4 Nb6 15. Na4 Nd7 16. c4 a6 17. Bxd7 Bxd7 18. Nb6 Rad8 19. Rhd1 Bc6 20. cxd5 exd5 21. Nxd5 Rd7 22. Nf6+ gxf6 23. Rxd7 Bxd7 24. Rxd7 Rc8+ 25. Kd2 b5 26. exf6 h6 27. Rd6 a5 28. g3 Kf8 29. Rd5 Rb8 30. g4 Ke8 31. g5 hxg5 32. fxg5 1-0

[Event "South-America-chT U14 22th"]
[Site "Medellin"]
[Date "2016.12.15"]
[Round "5.2"]
[White "Condori, Ana Paula"]
[Black "Jaipersaud, Alisha"]
[Result "1-0"]
[WhiteElo "1726"]
[BlackElo "1336"]
[PlyCount "59"]
[EventDate "2016.12.12"]
[EventType "team-tourn"]
[EventRounds "9"]
[EventCountry "COL"]
[SourceTitle "EXT 2024"]
[Source "ChessBase"]
[SourceDate "2023.10.10"]
[SourceVersion "1"]
[SourceVersionDate "2023.10.10"]
[SourceQuality "1"]
[WhiteTeam "Bolivia"]
[BlackTeam "Surinam"]
[WhiteTeamCountry "BOL"]
[BlackTeamCountry "SUR"]

1. e4 d6 2. d4 Nf6 3. Nc3 g6 4. h3 c6 5. Nf3 b5 6. a3 Nbd7 7. Be3 Rb8 8. e5 Nd5 9. Nxd5 cxd5 10. exd6 exd6 11. Bd3 a6 12. Qe2 Qe7 13. 0-0 Bg7 14. Rfe1 0-0 15. Qd2 Re8 16. Bf4 Qd8 17. Bxd6 Rb6 18. Rxe8+ Qxe8 19. Re1 Qd8 20. Qf4 Rb7 21. Re7 Nf6 22. Qe5 Bf8 23. Rxb7 Bxd6 24. Rd7 Nxd7 25. Qxd6 Qb6 26. Qxd5 Nf6 27. Qc5 Qe6 28. Qe5 Qc6 29. b3 Nd7 30. Qe8+ 1-0

[Event "South-America-chT U14 22th"]
[Site "Medellin"]
[Date "2016.12.13"]
[Round "2.2"]
[White "Acosta, Florencia Luz"]
[Black "Condori, Ana Paula"]
[Result "1-0"]
[WhiteElo "1732"]
[BlackElo "1726"]
[PlyCount "97"]
[EventDate "2016.12.12"]
[EventType "team-tourn"]
[EventRounds "9"]
[EventCountry "COL"]
[SourceTitle "EXT 2024"]
[Source "ChessBase"]
[SourceDate "2023.10.10"]
[SourceVersion "1"]
[SourceVersionDate "2023.10.10"]
[SourceQuality "1"]
[WhiteTeam "Argentina"]
[BlackTeam "Bolivia"]
[WhiteTeamCountry "ARG"]
[BlackTeamCountry "BOL"]

1. e4 c5 2. Nf3 d6 3. d4 cxd4 4. Nxd4 Nf6 5. Nc3 g6 6. Be2 Bg7 7. Be3 Nc6 8. 0-0 0-0 9. a3 Bd7 10. Rb1 a6 11. Kh1 e6 12. Nb3 Qc7 13. f3 b5 14. Qd2 Rfd8 15. Bf4 e5 16. Bg5 Be6 17. f4 Rd7 18. f5 Bxb3 19. cxb3 Rf8 20. Bxf6 Bxf6 21. Nd5 Qd8 22. fxg6 fxg6 23. Nxf6+ Rxf6 24. Rxf6 Qxf6 25. Qd5+ Rf7 26. Qxc6 Qf2 27. Qc2 Kg7 28. Bd3 Qxc2 29. Bxc2 Rf2 30. Rc1 Rd2 31. Kg1 Kf6 32. b4 Rd4 33. Rd1 h6 34. Kf2 Rxd1 35. Bxd1 Ke7 36. Ke3 Kd7 37. a4 Kc6 38. Bb3 bxa4 39. Bxa4+ Kb6 40. g4 g5 41. Kd3 a5 42. Kc4 axb4 43. Kxb4 Kc7 44. Kc4 Kd8 45. b4 Kc8 46. b5 Kb8 47. Kd5 Kc7 48. h3 Kb6 49. Kxd6 1-0

[Event "South-America-chT U14 22th"]
[Site "Medellin"]
[Date "2016.12.13"]
[Round "1.2"]
[White "Condori, Ana Paula"]
[Black "Ramirez Vergara, Jemmily"]
[Result "1-0"]
[WhiteElo "1726"]
[BlackElo "1661"]
[PlyCount "79"]
[EventDate "2016.12.12"]
[EventType "team-tourn"]
[EventRounds "9"]
[EventCountry "COL"]
[SourceTitle "EXT 2024"]
[Source "ChessBase"]
[SourceDate "2023.10.10"]
[SourceVersion "1"]
[SourceVersionDate "2023.10.10"]
[SourceQuality "1"]
[WhiteTeam "Bolivia"]
[BlackTeam "Venezuela"]
[WhiteTeamCountry "BOL"]
[BlackTeamCountry "VEN"]

1. e4 e6 2. Qe2 d5 3. exd5 Qxd5 4. Nc3 Qd8 5. Nf3 Nc6 6. g3 Nf6 7. Bg2 Bc5 8. d3 Bd7 9. Be3 Be7 10. 0-0 0-0 11. d4 Nd5 12. Rad1 Ncb4 13. Nxd5 Nxd5 14. c4 Nf6 15. Ne5 c6 16. d5 exd5 17. cxd5 cxd5 18. Bxd5 Nxd5 19. Rxd5 Bg4 20. Qc4 Be6 21. Rxd8 Rfxd8 22. Qe2 Bf6 23. Ng4 Be7 24. b3 b6 25. Ne5 Bf6 26. f4 Bf5 27. Qf3 Rac8 28. g4 Be6 29. Rd1 Rxd1+ 30. Qxd1 Rd8 31. Qe2 Bd5 32. g5 Be7 33. Qc2 f6 34. Nc6 Bxc6 35. Qxc6 Kf7 36. Qc4+ Kf8 37. h4 Rd1+ 38. Kg2 Rd8 39. h5 Re8 40. g6 1-0

[Event "South America-ch U14 Girls 13th"]
[Site "Santiago de Chile"]
[Date "2016.12.02"]
[Round "2"]
[White "Murua Gallo, Kimberly"]
[Black "Condori, Ana Paula"]
[Result "1/2-1/2"]
[WhiteElo "1713"]
[BlackElo "1726"]
[PlyCount "82"]
[EventDate "2016.12.01"]
[EventType "swiss"]
[EventRounds "9"]
[EventCountry "CHI"]
[SourceTitle "EXT 2018"]
[Source "ChessBase"]
[SourceDate "2017.10.13"]
[SourceVersion "1"]
[SourceVersionDate "2017.10.13"]
[SourceQuality "1"]

1. e4 c5 2. Nf3 d6 3. d4 cxd4 4. Nxd4 Nf6 5. Nc3 g6 6. f3 Bg7 7. Be3 Nc6 8. Bc4 Bd7 9. Bb3 Rc8 10. Qd2 0-0 11. 0-0-0 Na5 12. Bh6 Nxb3+ 13. Nxb3 Qc7 14. g4 b5 15. Bxg7 Kxg7 16. a3 Qc4 17. h4 h5 18. g5 Ne8 19. Qd4+ Qxd4 20. Rxd4 Be6 21. Nd5 Bxd5 22. Rxd5 Nc7 23. Rd3 Ne6 24. Nd4 Nxd4 25. Rxd4 f6 26. gxf6+ Rxf6 27. Rd3 Rcf8 28. Rh3 Rc8 29. Kd2 Kf7 30. Rc3 Rc5 31. b4 Rxc3 32. Kxc3 e6 33. Kd4 Ke7 34. c4 bxc4 35. Kxc4 Kd7 36. Kb5 Kc7 37. a4 Kb7 38. Kc4 Kc6 39. Kd4 a6 40. Ke3 e5 41. Rh2 Rf4 1/2-1/2

[Event "South America-ch U14 Girls 13th"]
[Site "Santiago de Chile"]
[Date "2016.12.01"]
[Round "1"]
[White "Condori, Ana Paula"]
[Black "Primo E Silva, Beatriz"]
[Result "1/2-1/2"]
[WhiteElo "1726"]
[BlackElo "1395"]
[PlyCount "67"]
[EventDate "2016.12.01"]
[EventType "swiss"]
[EventRounds "9"]
[EventCountry "CHI"]
[SourceTitle "EXT 2018"]
[Source "ChessBase"]
[SourceDate "2017.10.13"]
[SourceVersion "1"]
[SourceVersionDate "2017.10.13"]
[SourceQuality "1"]

1. e4 c5 2. Nf3 Nc6 3. d4 cxd4 4. Nxd4 g6 5. Nc3 Bg7 6. Be3 Nf6 7. f3 0-0 8. Qd2 d6 9. 0-0-0 Bd7 10. g4 Rc8 11. h4 a6 12. h5 b5 13. hxg6 fxg6 14. Bh6 Rf7 15. Bxg7 Rxg7 16. Rh2 Qb6 17. g5 Ne8 18. Bh3 Bxh3 19. Rxh3 Qxd4 20. Qxd4 Nxd4 21. Rxd4 Nc7 22. Rd2 Ne6 23. Rg3 Nf4 24. Nd5 Nxd5 25. Rxd5 Rc5 26. Rxc5 dxc5 27. f4 Rf7 28. Rf3 Kg7 29. Kd2 Rf8 30. Ke2 h6 31. gxh6+ Kxh6 32. Rh3+ Kg7 33. Ke3 e6 34. Rg3 1/2-1/2

[Event "South America-ch U12 Girls 12th"]
[Site "Santa Cruz"]
[Date "2015.12.06"]
[Round "7"]
[White "Felix, Luiza de Oliveira"]
[Black "Condori, Ana Paula"]
[Result "1/2-1/2"]
[WhiteElo "1532"]
[BlackElo "1636"]
[PlyCount "33"]
[EventDate "2015.12.02"]
[EventType "swiss"]
[EventRounds "9"]
[EventCountry "BOL"]
[SourceTitle "CBM 170 Extra"]
[Source "ChessBase"]
[SourceDate "2016.02.25"]
[SourceVersion "1"]
[SourceVersionDate "2016.02.25"]
[SourceQuality "1"]

1. e4 c5 2. Nf3 d6 3. d4 cxd4 4. Nxd4 Nf6 5. Nc3 g6 6. f4 Bg7 7. e5 Ng8 8. exd6 Qxd6 9. Ndb5 Qxd1+ 10. Kxd1 Na6 11. Be3 b6 12. Nd5 Kd8 13. Nxa7 Rxa7 14. Bxb6+ Nc7 15. Bxc7+ Ke8 16. Bb6 Rb7 17. Ba5 1/2-1/2

[Event "Wch U12 Girls"]
[Site "Porto Carras"]
[Date "2015.11.05"]
[Round "11"]
[White "Condori, Ana Paula"]
[Black "Majoros, Rozsa Evelin"]
[Result "1/2-1/2"]
[WhiteElo "1640"]
[BlackElo "1826"]
[PlyCount "40"]
[EventDate "2015.10.25"]
[EventType "swiss"]
[EventRounds "11"]
[EventCountry "GRE"]
[SourceTitle "CBM 169 Extra"]
[Source "ChessBase"]
[SourceDate "2015.12.18"]
[SourceVersion "1"]
[SourceVersionDate "2015.12.18"]
[SourceQuality "1"]

1. Nf3 Nf6 2. c4 g6 3. g3 Bg7 4. Bg2 c5 5. e3 0-0 6. 0-0 d5 7. cxd5 Nxd5 8. d4 cxd4 9. Nxd4 Nc6 10. Nc3 e6 11. Qd2 Qd7 12. Nxd5 exd5 13. b3 Nxd4 14. exd4 Re8 15. Bb2 b6 16. Rfe1 Bb7 17. Rac1 Rxe1+ 18. Rxe1 Re8 19. Rxe8+ Qxe8 20. Qe3 Qe6 1/2-1/2